[Event "Nikeas Spring op B"]
[Site "Nikea"]
[Date "2013.05.11"]
[Round "6.1"]
[White "Foutouhos, Spyridon"]
[Black "Ioannidis, Georgios Alexandros"]
[Result "1/2-1/2"]
[WhiteElo "1553"]
[BlackElo "1577"]
[PlyCount "83"]
[EventDate "2013.05.07"]
[EventType "swiss"]
[EventRounds "7"]
[EventCountry "GRE"]
[SourceTitle "EXT 2024"]
[Source "ChessBase"]
[SourceDate "2023.10.10"]
[SourceVersion "1"]
[SourceVersionDate "2023.10.10"]
[SourceQuality "1"]

1. e3 d5 2. b3 Nf6 3. Bb2 Bg4 4. Be2 Bxe2 5. Nxe2 e6 6. 0-0 Bd6 7. f4 Nc6 8. a4 Ne7 9. Ba3 Bxa3 10. Nxa3 Nf5 11. c4 c6 12. b4 dxc4 13. Nxc4 Qd5 14. Ne5 Rd8 15. Nf3 Qc4 16. Ned4 Nxd4 17. Nxd4 Qxb4 18. Rb1 Qe7 19. Qb3 Rd7 20. a5 c5 21. Nf3 0-0 22. d4 cxd4 23. Nxd4 Qc5 24. Qa4 Rfd8 25. Rbc1 Qh5 26. Rf3 h6 27. f5 e5 28. Ne2 e4 29. Ng3 Qg4 30. Rf4 Qg5 31. Nxe4 Nxe4 32. Qxe4 Rd1+ 33. Rf1 R1d5 34. Rc7 Rxa5 35. Rxb7 Ra3 36. Re7 Rd2 37. Re8+ Kh7 38. f6+ Qg6 39. fxg7 Kxg7 40. Qe5+ f6 41. Qe7+ Qf7 42. Qxa3 1/2-1/2